| 000 -LEADER |
| fixed length control field |
03688cam a22004697i 4500 |
| 001 - CONTROL NUMBER |
| control field |
18070753 |
| 003 - CONTROL NUMBER IDENTIFIER |
| control field |
USPCAS-E |
| 005 - DATE AND TIME OF LATEST TRANSACTION |
| control field |
20180118181413.0 |
| 008 - FIXED-LENGTH DATA ELEMENTS--GENERAL INFORMATION |
| fixed length control field |
140318t20132013gw a b 001 0 eng d |
| 010 ## - LIBRARY OF CONGRESS CONTROL NUMBER |
| LC control number |
2013372027 |
| 015 ## - NATIONAL BIBLIOGRAPHY NUMBER |
| National bibliography number |
GBB337838 |
| Source |
bnb |
| 016 7# - NATIONAL BIBLIOGRAPHIC AGENCY CONTROL NUMBER |
| Record control number |
016317744 |
| Source |
Uk |
| 020 ## - INTERNATIONAL STANDARD BOOK NUMBER |
| International Standard Book Number |
9783527331796 (print) |
| 020 ## - INTERNATIONAL STANDARD BOOK NUMBER |
| International Standard Book Number |
3527331794 (print) |
| 020 ## - INTERNATIONAL STANDARD BOOK NUMBER |
| Canceled/invalid ISBN |
9783527654895 (ePDF) |
| 020 ## - INTERNATIONAL STANDARD BOOK NUMBER |
| Canceled/invalid ISBN |
9783527654888 (ePub) |
| 020 ## - INTERNATIONAL STANDARD BOOK NUMBER |
| Canceled/invalid ISBN |
9783527654871 (mobi) |
| 020 ## - INTERNATIONAL STANDARD BOOK NUMBER |
| Canceled/invalid ISBN |
9783527654864 (oBook) |
| 035 ## - SYSTEM CONTROL NUMBER |
| System control number |
(OCoLC)ocn858822302 |
| 040 ## - CATALOGING SOURCE |
| Original cataloging agency |
UKMGB |
| Language of cataloging |
eng |
| Transcribing agency |
UKMGB |
| Description conventions |
rda |
| Modifying agency |
OCLCO |
| -- |
YDXCP |
| -- |
BDX |
| -- |
HEBIS |
| -- |
IXA |
| -- |
DLC |
| 042 ## - AUTHENTICATION CODE |
| Authentication code |
lccopycat |
| 050 00 - LIBRARY OF CONGRESS CALL NUMBER |
| Classification number |
QD181.O1 |
| Item number |
F86 2013 |
| 082 04 - DEWEY DECIMAL CLASSIFICATION NUMBER |
| Classification number |
546.3 |
| Edition number |
23 |
| Author Mark |
FUN 2013 |
| 245 00 - TITLE STATEMENT |
| Title |
Functional metal oxides : |
| Remainder of title |
new science and novel applications / |
| Statement of responsibility, etc. |
edited by Satishchandra B. Ogale, Thirumalai V. Venkatesan, and Mark G. Blamire. |
| 260 ## - PUBLICATION, DISTRIBUTION, ETC. |
| Place of publication, distribution, etc. |
Weinheim |
| Name of publisher, distributor, etc. |
Wiley-VCH |
| Date of publication, distribution, etc. |
2013 |
| 300 ## - PHYSICAL DESCRIPTION |
| Extent |
xxiii, 474 pages : |
| Other physical details |
illustrations (some color) ; |
| Dimensions |
24 cm |
| 500 ## - GENERAL NOTE |
| General note |
Edition statement from running title. |
| 502 ## - DISSERTATION NOTE |
| Dissertation note |
0 |
| 504 ## - BIBLIOGRAPHY, ETC. NOTE |
| Bibliography, etc. note |
Includes bibliographical references and index. |
| 505 0# - FORMATTED CONTENTS NOTE |
| Formatted contents note |
Magnetic Oxides. Introduction to Magnetic Oxides / J M D Coey, M Venkatesan, Hongjun Xu -- Magnetic/Multifunctional Double Perovskite Oxide Thin Films / Prahallad Padhan, Arunava Gupta -- Dopants, Defects and Ferromagnetism in Metal Oxides. Magnetic Oxide Semiconductors: On the High-Temperature Ferromagnetism in TiO- and ZnO-Based Compounds / Tomoteru Fukumura, Masashi Kawasaki -- Effect of Ta Alloying on the Optical, Electronic, and Magnetic Properties of TiO Thin Films / S Dhar, A Roy Barman, A Rusydi, K Gopinadhan, Ariando, Y P Feng, M B H Breese, Hans Hilgenkamp, T Venkatesan -- Defect-Induced Optical and Magnetic Properties of Colloidal Transparent Conducting Oxide Nanocrystals / Pavle V Radovanovic -- Ferroelectrics. Structure-Property Correlations in Rare-Earth-Substituted BiFeO Epitaxial Thin Films at the Morphotropic Phase Boundary / Daisuke Kan, Ching-Jung Cheng, Valanoor Nagarajan, Ichiro Takeuchi -- Antiferroelectricity in Oxides: A Reexamination / Karin M Rabe -- Multiferroics. Probing Nanoscale Electronic Conduction in Complex Oxides / Jan Seidel, Ramamoorthy Ramesh -- Multiferroics with Magnetoelectric Coupling / Umesh V Waghmare -- Interfaces and Magnetism. Device Aspects of the SrTiO-LaAlO Interface; Basic Properties, Mobility, Nanostructuring, and Potential Applications / Hans Hilgenkamp -- X-Ray Spectroscopic Studies of Conducting Interfaces between Two Insulating Oxides / Hiroki Wadati, Atsushi Fujimori -- Interfacial Coupling between Oxide Superconductors and Ferromagnets / Mark G Blamire, Jason W A Robinson, Mehmet Egilmez -- Devices and Applications. Metal-Oxide Nanoparticles for Dye-Sensitized Solar Cells / Frédéric Sauvage, Mohammad K Nazeeruddin, Michael Grätzel -- Hybrid Solar Cells from Ordered Nanostructures / Jonas Weickert, Lukas Schmidt-Mende -- Electric Field Effects in Functional Metal Oxides / Lily Mandal, Weinan Lin, James Lourembam, Satishchandra Ogale, Tom Wu -- Resistive Switchings in Transition-Metal Oxides / Isao H Inoue, Akihito Sawa. |
| 650 #0 - SUBJECT ADDED ENTRY--TOPICAL TERM |
| Topical term or geographic name entry element |
Metallic oxides. |
| 650 #0 - SUBJECT ADDED ENTRY--TOPICAL TERM |
| Topical term or geographic name entry element |
Metallic oxides |
| General subdivision |
Properties. |
| 650 #0 - SUBJECT ADDED ENTRY--TOPICAL TERM |
| Topical term or geographic name entry element |
Metallic oxides |
| General subdivision |
Industrial applications. |
| 650 #7 - SUBJECT ADDED ENTRY--TOPICAL TERM |
| Topical term or geographic name entry element |
Metalloxide |
| Source of heading or term |
gnd |
| 650 #7 - SUBJECT ADDED ENTRY--TOPICAL TERM |
| Topical term or geographic name entry element |
Physikalische Eigenschaft |
| Source of heading or term |
gnd |
| 700 1# - ADDED ENTRY--PERSONAL NAME |
| Personal name |
Ogale, Satischandra B., |
| Relator term |
editor of compilation. |
| 700 1# - ADDED ENTRY--PERSONAL NAME |
| Personal name |
Venkatesan, T., |
| Relator term |
editor of compilation. |
| 700 1# - ADDED ENTRY--PERSONAL NAME |
| Personal name |
Blamire, Mark G., |
| Relator term |
editor of compilation. |
| 906 ## - LOCAL DATA ELEMENT F, LDF (RLIN) |
| a |
7 |
| b |
cbc |
| c |
copycat |
| d |
2 |
| e |
ncip |
| f |
20 |
| g |
y-gencatlg |
| 942 ## - ADDED ENTRY ELEMENTS (KOHA) |
| Source of classification or shelving scheme |
|
| Koha item type |
Book |